000 01902nam a2200361 a 4500
001
003 OSt
005 20211001123858.0
008 090908s2005 dr 001 0 spa d
020 _a9993467170
040 _aDO-SdBNP
_bspa
_cBPMSU
082 _a305.552
_bC719i 2005
_222
111 2 _aColoquio "Los Intelectuales y el Poder"
_d(2003 : nov. 29 :
_cSanto Domingo, República Dominicana)
245 1 4 _aLos intelectuales y el poder en República Dominicana /
_cRafael Toribio... [et. al] ; editor Guillermo Piña Contreras.
260 _aSanto Domingo :
_bUNAPEC,
_c2005.
300 _a170 p. ;
_c22 cm.
504 _aIncluye referencias bibliográficas y notas al pie de las páginas.
505 _aLa situación de los intelectuales en República Dominicana 15 -- Los intelectuales y el poder : algunas reflexiones 21 -- Los intelectuales y el poder político en República Dominicana 43 -- De Wright Mills a Noberto Bobbio: la conducta intelectual 53 -- Una elección sin dudas : la ética como única acción 63 -- El necio de la crítica 89 -- Intelectuales y poder: elaboración desde la comunidad 99 -- La supervivencia de la mentalidad totalitaria en los intelectuales dominicanos 111
590 _aInventariado, 2018/BT
650 4 _aÉlite (ciencias sociales)
_xCongresos, conferencias, etc.
_x
_z
650 4 _aIntelectuales
_xPoder (ciencias sociales)
_zRepública Dominicana
_xCongresos, conferencias, etc
_2
651 4 _aRepública Dominicana
_xVida intelectual
_xCongresos, conferencias, etc.
700 1 _aPérez, Odalíz G.
700 1 _aLantigua, José Rafael,
_d1949-
700 1 _aSang, Mu-Kien A.
_d1955-
700 1 _aMunnich, Fidel
700 1 _aAntinoe Fiallo, José
700 1 _aNúñez, Manuel
700 1 _aPiña Contreras, Guillermo,
_eed.
710 2 _aUniversidad APEC (República Dominicana )
910 _aVMateo V.
942 _2ddc
_cBK
999 _c13746
_d13746